| 000 | 00413nam a22001457a 4500 | ||
|---|---|---|---|
| 003 | OSt | ||
| 005 | 20160727222549.0 | ||
| 008 | 160714b xxu||||| |||| 00| 0 eng d | ||
| 040 | _cTeaching Guide for Level - E | ||
| 100 |
_92868 _a Donald, R., et al |
||
| 245 | _aTeaching Guide for Level - E | ||
| 260 |
_aChicago _b Science Research Association _c1970 |
||
| 300 | _aTeaching Guide for Level - E | ||
| 942 |
_2lcc _cBK |
||
| 999 |
_c2441 _d2441 |
||